Mecánica teórica para las escuelas de peritaje
| Main Authors: | , |
|---|---|
| Format: | Section = Libro |
| Language: | Undetermined Spanish |
| Published: |
México
Continental
1970
|
| Subjects: |
| LEADER | 00579nam a2200205Ia 4500 | ||
|---|---|---|---|
| 008 | 240830s9999 xx 000 0 und d | ||
| 040 | |a B-ESTELÍ- RUACS / 531.2 N692 | ||
| 041 | |a spa | ||
| 082 | |a 531.2 N692 | ||
| 100 | 1 | |a Delorit, Richard J | |
| 100 | 1 | |b Ahlgren, Henry L. | |
| 245 | 1 | 0 | |a Mecánica teórica para las escuelas de peritaje |
| 260 | |a México |b Continental |c 1970 | ||
| 300 | |a 783 p:il | ||
| 650 | 7 | |a PRODUCCION AGRICOLA | |
| 650 | 7 | |b AGRICULTURA EL HOMBRE Y LA PLANTAS | |
| 650 | 7 | |c CRECIMIENTO Y REPRODUCCION | |
| 942 | |c BK |2 ddc | ||
| 991 | |a TEXTO | ||
| 999 | |c 11031 | ||